[Event "Skalica Open 2019"]
[Site "Skalica"]
[Date "2019.08.26"]
[Round "3.23"]
[White "Kastler, Peter"]
[Black "Krakovsky, Peter"]
[Result "0-1"]
[WhiteElo "1724"]
[BlackElo "1000"]
[Annotator "NA"]
[PlyCount "120"]
[EventDate "2019.08.25"]
[EventType "swiss"]
[EventCountry "SVK"]
[SourceTitle "playchess.com"]
[Source "ChessBase"]
[SourceQuality "1"]
[TimeControl "40/5400+30:1800+30"]

1. d4 {[%emt 0:00:00]} Nf6 {[%emt 0:00:45]} 2. c4 {[%emt 0:00:05]} e6 {[%emt 0:00:07]} 3. e3 {[%emt 0:00:54]} d5 {[%emt 0:00:18]} 4. Nf3 {[%emt 0:00:13]} c6 5. Nc3 {[%emt 0:00:21]} Nbd7 {[%emt 0:02:50]} 6. Bd3 {[%emt 0:00:54]} dxc4 {[%emt 0:00:19]} 7. Bxc4 {[%emt 0:00:14]} Be7 {[%emt 0:00:25]} 8. O-O {[%emt 0:00:37]} O-O {[%emt 0:00:10]} 9. Bd2 {[%emt 0:04:54]} Nb6 {[%emt 0:02:16]} 10. Be2 {[%emt 0:00:28]} Bd7 {[%emt 0:01:08]} 11. Ne5 {[%emt 0:00:40]} Nbd5 {[%emt 0:01:47]} 12. Nxd7 {[%emt 0:00:43]} Qxd7 {[%emt 0:00:30]} 13. Rc1 {[%emt 0:03:21]} Rfd8 {[%emt 0:02:03]} 14. Bf3 {[%emt 0:00:38]} Rac8 {[%emt 0:00:51]} 15. a3 {[%emt 0:02:56]} Nxc3 {[%emt 0:04:14]} 16. Bxc3 {[%emt 0:00:58]} Nd5 {[%emt 0:00:04]} 17. Ba5 {[%emt 0:02:53]} b6 {[%emt 0:04:18]} 18. Bxd5 {[%emt 0:08:36]} cxd5 {[%emt 0:02:07]} 19. Bc3 {[%emt 0:03:44]} Rc7 {[%emt 0:00:28]} 20. Re1 {[%emt 0:00:35]} Rdc8 {[%emt 0:00:08]} 21. Re2 {[%emt 0:00:17]} Bxa3 {[%emt 0:00:29]} 22. Rec2 {[%emt 0:05:34]} Bd6 {[%emt 0:04:18]} 23. g3 {[%emt 0:00:20]} a5 {[%emt 0:02:03]} 24. Qd3 {[%emt 0:05:06]} a4 {[%emt 0:04:10]} 25. Bd2 {[%emt 0:06:33]} Rxc2 {[%emt 0:10:11]} 26. Rxc2 {[%emt 0:00:10]} Rxc2 {[%emt 0:00:10]} 27. Qxc2 {[%emt 0:00:12]} g6 {[%emt 0:00:09]} 28. Kf1 {[%emt 0:01:50]} Qb5+ {[%emt 0:00:54]} 29. Ke1 {[%emt 0:02:09]} Qc4 {[%emt 0:00:32]} 30. Qc3 {[%emt 0:08:16]} Qxc3 {[%emt 0:05:12]} 31. Bxc3 {[%emt 0:01:14]} Kf8 {[%emt 0:00:06]} 32. Kd2 {[%emt 0:00:46]} Ke7 {[%emt 0:00:07]} 33. Kc2 {[%emt 0:00:17]} Kd7 {[%emt 0:00:10]} 34. b3 {[%emt 0:06:59]} a3 {[%emt 0:02:54]} 35. b4 {[%emt 0:01:44]} Kc6 {[%emt 0:00:07]} 36. Kb3 {[%emt 0:00:53]} Kb5 {[%emt 0:00:04]} 37. f3 a2 38. e4 {[%emt 0:07:03]} Bxb4 {[%emt 0:01:36]} 39. Bb2 {[%emt 0:00:21]} Be1 {[%emt 0:00:36]} 40. exd5 {[%emt 0:00:57]} exd5 {[%emt 0:00:19]} 41. g4 {[%emt 0:30:27]} Bd2 {[%emt 0:33:19]} 42. Ba1 {[%emt 0:01:36]} Kc6 {[%emt 0:00:46]} 43. Kxa2 {[%emt 0:01:32]} Kd6 {[%emt 0:00:09]} 44. Kb3 {[%emt 0:00:39]} Ke6 {[%emt 0:00:16]} 45. Kc2 {[%emt 0:00:19]} Bf4 46. h3 Kf6 {[%emt 0:01:53]} 47. Bc3 {[%emt 0:01:08]} Kg5 {[%emt 0:00:18]} 48. Be1 {[%emt 0:00:30]} f5 {[%emt 0:00:25]} 49. h4+ {[%emt 0:08:39]} Kf6 {[%emt 0:00:16]} 50. Bf2 {[%emt 0:00:54]} fxg4 {[%emt 0:01:39]} 51. fxg4 {[%emt 0:02:18]} h5 {[%emt 0:00:15]} 52. gxh5 {[%emt 0:01:12]} gxh5 {[%emt 0:00:02]} 53. Kb3 {[%emt 0:03:38]} Kf5 {[%emt 0:00:14]} 54. Kb4 {[%emt 0:00:13]} Kg4 {[%emt 0:00:10]} 55. Kb5 {[%emt 0:00:39]} Bg3 {[%emt 0:00:07]} 56. Bg1 {[%emt 0:00:36]} Bxh4 {[%emt 0:00:17]} 57. Kxb6 {[%emt 0:00:15]} Kf4 {[%emt 0:00:15]} 58. Kc5 {[%emt 0:03:05]} Ke4 {[%emt 0:00:14]} 59. Kb4 {[%emt 0:00:00]} Bg3 {[%emt 0:00:00]} 60. Kc3 {[%emt 0:00:00]} h4 {[%emt 0:00:00]} 0-1

[Event "Skalica Open 2019"]
[Site "Skalica"]
[Date "2019.08.26"]
[Round "3.24"]
[White "Podskubka, Ondrej"]
[Black "Hrubsa, Marian"]
[Result "0-1"]
[WhiteElo "1684"]
[BlackElo "1888"]
[Annotator "NA"]
[PlyCount "110"]
[EventDate "2019.08.25"]
[EventType "swiss"]
[EventCountry "SVK"]
[SourceTitle "playchess.com"]
[Source "ChessBase"]
[SourceQuality "1"]
[TimeControl "40/5400+30:1800+30"]

1. Nf3 {[%emt 0:00:00]} d5 {[%emt 0:00:16]} 2. d4 {[%emt 0:00:07]} e6 {[%emt 0:00:24]} 3. Bf4 {[%emt 0:00:43]} c5 {[%emt 0:01:07]} 4. c3 {[%emt 0:03:18]} Nc6 {[%emt 0:00:39]} 5. e3 {[%emt 0:00:35]} Nf6 {[%emt 0:02:46]} 6. h3 {[%emt 0:00:27]} Bd7 {[%emt 0:01:05]} 7. Be2 {[%emt 0:01:23]} Rc8 {[%emt 0:00:55]} 8. O-O {[%emt 0:00:15]} Be7 {[%emt 0:02:32]} 9. Re1 {[%emt 0:04:13]} O-O {[%emt 0:01:11]} 10. Nbd2 {[%emt 0:00:29]} cxd4 {[%emt 0:06:11]} 11. exd4 {[%emt 0:03:51]} Na5 {[%emt 0:04:56]} 12. Ne5 {[%emt 0:00:13]} Nc6 {[%emt 0:02:33]} 13. Ndf3 {[%emt 0:02:13]} Ne4 {[%emt 0:01:42]} 14. Bd3 {[%emt 0:08:39]} f5 {[%emt 0:08:18]} 15. Nxd7 {[%emt 0:04:03]} Qxd7 {[%emt 0:00:22]} 16. Ne5 {[%emt 0:00:06]} Nxe5 {[%emt 0:01:54]} 17. Bxe5 {[%emt 0:00:06]} Bf6 {[%emt 0:01:53]} 18. Bh2 {[%emt 0:00:16]} Qf7 {[%emt 0:02:27]} 19. f3 {[%emt 0:08:43]} Bh4 {[%emt 0:01:26]} 20. fxe4 {[%emt 0:01:47]} Bxe1 {[%emt 0:00:30]} 21. Qxe1 {[%emt 0:01:05]} fxe4 {[%emt 0:00:14]} 22. Be2 {[%emt 0:01:46]} Qg6 {[%emt 0:03:37]} 23. Bd6 {[%emt 0:02:44]} Rf7 {[%emt 0:04:42]} 24. Qh4 {[%emt 0:02:37]} Kh8 {[%emt 0:09:10]} 25. Qh5 {[%emt 0:11:56]} Qxh5 {[%emt 0:04:31]} 26. Bxh5 {[%emt 0:00:13]} Rd7 {[%emt 0:03:41]} 27. Bb4 {[%emt 0:03:53]} g6 {[%emt 0:03:46]} 28. Bg4 {[%emt 0:00:48]} Re8 {[%emt 0:00:50]} 29. Rf1 {[%emt 0:02:31]} Kg7 {[%emt 0:00:18]} 30. Bc5 {[%emt 0:01:37]} b6 {[%emt 0:01:10]} 31. Ba3 {[%emt 0:00:40]} b5 {[%emt 0:01:27]} 32. h4 {[%emt 0:01:08]} Rf7 {[%emt 0:04:55]} 33. Rxf7+ {[%emt 0:00:31]} Kxf7 {[%emt 0:01:06]} 34. Bd6 {[%emt 0:01:07]} Rc8 {[%emt 0:00:13]} 35. Kf2 {[%emt 0:02:15]} Rc6 {[%emt 0:00:33]} 36. Bb4 {[%emt 0:15:10]} Kf6 {[%emt 0:02:21]} 37. Be2 {[%emt 0:02:06]} a6 {[%emt 0:02:11]} 38. Ke3 {[%emt 0:07:23]} g5 {[%emt 0:09:48]} 39. hxg5+ {[%emt 0:03:31]} Kxg5 {[%emt 0:00:19]} 40. Be7+ {[%emt 0:00:06]} Kg6 {[%emt 0:00:35]} 41. g3 {[%emt 0:35:21]} Rc7 {[%emt 0:32:20]} 42. Bd6 {[%emt 0:00:12]} Rc6 {[%emt 0:00:06]} 43. Bc5 {[%emt 0:00:00]} Rc7 {[%emt 0:00:00]} 44. Bd6 {[%emt 0:00:00]} Rd7 {[%emt 0:00:00]} 45. Bc5 {[%emt 0:00:00]} h5 {[%emt 0:00:00]} 46. a4 {[%emt 0:00:00]} Rb7 {[%emt 0:00:00]} 47. axb5 {[%emt 0:00:00]} axb5 {[%emt 0:00:00]} 48. Kf4 {[%emt 0:00:00]} Rf7+ {[%emt 0:00:00]} 49. Ke5 {[%emt 0:00:00]} Rf2 {[%emt 0:00:00]} 50. Bxb5 {[%emt 0:00:00]} Rxb2 {[%emt 0:00:00]} 51. Be8+ {[%emt 0:00:00]} Kg5 {[%emt 0:00:00]} 52. Kxe6 {[%emt 0:00:00]} e3 {[%emt 0:00:00]} 53. Be7+ {[%emt 0:01:05]} Kg4 {[%emt 0:00:00]} 54. Kxd5 {[%emt 0:01:13]} e2 {[%emt 0:00:00]} 55. Bd7+ {[%emt 0:00:21]} Kf3 {[%emt 0:00:00]} 0-1

[Event "Skalica Open 2019"]
[Site "Skalica"]
[Date "2019.08.27"]
[Round "4.1"]
[White "Pulpan, Jakub"]
[Black "Demidov, Mikhail"]
[Result "1/2-1/2"]
[WhiteElo "2397"]
[BlackElo "2556"]
[Annotator "ChessBase"]
[PlyCount "88"]
[EventDate "2019.08.25"]
[EventType "swiss"]
[EventCountry "SVK"]
[SourceTitle "playchess.com"]
[Source "ChessBase"]
[SourceQuality "1"]
[TimeControl "40/5400+30:1800+30"]

1. e4 {[%emt 0:00:00]} g6 {[%emt 0:00:00]} 2. d4 {[%emt 0:00:01]} Bg7 {[%emt 0:00:00]} 3. Nf3 {[%emt 0:00:52]} d6 {[%emt 0:00:00]} 4. Nc3 {[%emt 0:00:47]} a6 {[%emt 0:00:00]} 5. a4 {[%emt 0:02:45]} Nf6 {[%emt 0:02:08]} 6. Be2 {[%emt 0:00:27]} O-O {[%emt 0:00:07]} 7. O-O {[%emt 0:00:11]} Bg4 {[%emt 0:00:23]} 8. Nd2 {[%emt 0:05:33]} Bxe2 {[%emt 0:06:41]} 9. Qxe2 {[%emt 0:00:15]} Nc6 {[%emt 0:00:56]} 10. Nf3 {[%emt 0:01:29]} Nd7 {[%emt 0:00:26]} 11. Rd1 {[%emt 0:06:05]} e5 {[%emt 0:00:22]} 12. Be3 {[%emt 0:09:51]} exd4 {[%emt 0:02:38]} 13. Nxd4 {[%emt 0:01:04]} Re8 {[%emt 0:00:10]} 14. f3 {[%emt 0:04:41]} Qb8 {[%emt 0:05:13]} 15. Kh1 {[%emt 0:07:22]} Ne7 {[%emt 0:01:55]} 16. Qd2 {[%emt 0:02:58]} Ne5 {[%emt 0:00:48]} 17. b3 {[%emt 0:00:41]} N5c6 {[%emt 0:00:57]} 18. Re1 {[%emt 0:01:02]} Qc8 {[%emt 0:03:36]} 19. Rad1 {[%emt 0:01:36]} Qd7 {[%emt 0:00:24]} 20. Nxc6 {[%emt 0:03:44]} Nxc6 {[%emt 0:00:25]} 21. Nd5 {[%emt 0:00:22]} Ne7 {[%emt 0:00:28]} 22. Bd4 {[%emt 0:01:43]} Bxd4 {[%emt 0:01:29]} 23. Qxd4 {[%emt 0:01:13]} Nxd5 {[%emt 0:00:08]} 24. Qxd5 {[%emt 0:00:51]} Qc6 {[%emt 0:01:26]} 25. Qxc6 {[%emt 0:19:25]} bxc6 {[%emt 0:00:16]} 26. e5 {[%emt 0:00:06]} dxe5 {[%emt 0:06:05]} 27. Rd7 {[%emt 0:00:44]} Rac8 {[%emt 0:01:47]} 28. Kg1 {[%emt 0:04:45]} Kf8 {[%emt 0:02:08]} 29. Kf2 {[%emt 0:01:58]} Re6 {[%emt 0:00:14]} 30. Red1 {[%emt 0:00:44]} Re7 {[%emt 0:03:25]} 31. Rd8+ {[%emt 0:00:33]} Rxd8 {[%emt 0:00:12]} 32. Rxd8+ {[%emt 0:00:04]} Re8 {[%emt 0:00:06]} 33. Rd7 {[%emt 0:00:24]} Rc8 {[%emt 0:00:25]} 34. Ke3 {[%emt 0:00:17]} Ke8 {[%emt 0:00:13]} 35. Rd3 {[%emt 0:00:30]} Rd8 {[%emt 0:06:56]} 36. Rc3 {[%emt 0:00:46]} Kd7 {[%emt 0:04:11]} 37. Rc5 {[%emt 0:01:11]} f6 {[%emt 0:00:31]} 38. b4 {[%emt 0:02:31]} Ra8 {[%emt 0:11:24]} 39. Ra5 {[%emt 0:02:06]} Kc8 {[%emt 0:01:18]} 40. g4 {[%emt 0:00:42]} Kb7 {[%emt 0:06:01]} 41. g5 {[%emt 0:30:29]} fxg5 {[%emt 0:30:34]} 42. Rxe5 {[%emt 0:00:07]} Rd8 {[%emt 0:10:32]} 43. Rxg5 {[%emt 0:04:13]} Re8+ {[%emt 0:00:13]} 44. Kd2 {[%emt 0:07:25]} Rd8+ {[%emt 0:01:29]} 1/2-1/2

[Event "Skalica Open 2019"]
[Site "Skalica"]
[Date "2019.08.27"]
[Round "4.2"]
[White "Vykouk, Jan"]
[Black "Pechac, Jergus"]
[Result "1/2-1/2"]
[WhiteElo "2477"]
[BlackElo "2471"]
[Annotator "ChessBase"]
[PlyCount "58"]
[EventDate "2019.08.25"]
[EventType "swiss"]
[EventCountry "SVK"]
[SourceTitle "playchess.com"]
[Source "ChessBase"]
[SourceQuality "1"]
[TimeControl "40/5400+30:1800+30"]

1. e4 {[%emt 0:00:00]} e5 {[%emt 0:00:00]} 2. Nf3 {[%emt 0:00:00]} Nf6 {[%emt 0:00:01]} 3. Nxe5 {[%emt 0:00:23]} d6 {[%emt 0:00:05]} 4. Nd3 {[%emt 0:07:18]} Nxe4 {[%emt 0:00:08]} 5. Qe2 {[%emt 0:00:04]} Qe7 {[%emt 0:00:10]} 6. Nf4 {[%emt 0:00:13]} c6 {[%emt 0:00:58]} 7. Nc3 {[%emt 0:00:36]} Nf6 {[%emt 0:02:04]} 8. d4 {[%emt 0:02:01]} d5 {[%emt 0:01:46]} 9. Qxe7+ {[%emt 0:02:25]} Bxe7 {[%emt 0:00:06]} 10. Bd3 {[%emt 0:00:06]} Na6 {[%emt 0:03:55]} 11. a3 {[%emt 0:01:21]} Nc7 {[%emt 0:00:11]} 12. Bd2 {[%emt 0:01:53]} Bd7 {[%emt 0:04:37]} 13. f3 {[%emt 0:00:47]} O-O-O {[%emt 0:04:26]} 14. O-O-O {[%emt 0:00:16]} h5 {[%emt 0:01:35]} 15. h4 {[%emt 0:00:34]} Rde8 {[%emt 0:00:47]} 16. Nce2 {[%emt 0:00:33]} g6 {[%emt 0:01:07]} 17. Bb4 {[%emt 0:03:15]} Ng8 {[%emt 0:02:55]} 18. Bxe7 {[%emt 0:04:03]} Nxe7 {[%emt 0:00:18]} 19. Ng3 {[%emt 0:00:09]} Ne6 {[%emt 0:02:46]} 20. Nxe6 {[%emt 0:00:07]} Bxe6 {[%emt 0:00:07]} 21. Rde1 {[%emt 0:00:22]} Kd8 {[%emt 0:00:32]} 22. Kd2 {[%emt 0:00:15]} Nc8 {[%emt 0:00:13]} 23. Re3 {[%emt 0:01:33]} Bd7 {[%emt 0:03:17]} 24. Rhe1 {[%emt 0:00:16]} Rxe3 {[%emt 0:00:30]} 25. Rxe3 {[%emt 0:00:06]} Nd6 {[%emt 0:00:29]} 26. c3 {[%emt 0:00:56]} Rg8 {[%emt 0:00:28]} 27. Re2 {[%emt 0:00:34]} b6 {[%emt 0:02:14]} 28. Ke3 {[%emt 0:00:57]} a5 {[%emt 0:01:09]} 29. Kd2 {[%emt 0:03:25]} Bc8 {[%emt 0:02:11]} 1/2-1/2

[Event "Skalica Open 2019"]
[Site "Skalica"]
[Date "2019.08.27"]
[Round "4.3"]
[White "Maiorov, Nikita"]
[Black "Jablonicky, Martin"]
[Result "1-0"]
[WhiteElo "2512"]
[BlackElo "2343"]
[Annotator "ChessBase"]
[PlyCount "147"]
[EventDate "2019.08.25"]
[EventType "swiss"]
[EventCountry "SVK"]
[SourceTitle "playchess.com"]
[Source "ChessBase"]
[SourceQuality "1"]
[TimeControl "40/5400+30:1800+30"]

1. d4 {[%emt 0:00:00]} Nf6 {[%emt 0:00:00]} 2. c4 {[%emt 0:00:00]} g6 {[%emt 0:00:00]} 3. g3 {[%emt 0:00:00]} Bg7 {[%emt 0:00:00]} 4. Bg2 {[%emt 0:00:00]} O-O {[%emt 0:00:00]} 5. Nf3 {[%emt 0:00:00]} d6 {[%emt 0:00:00]} 6. O-O {[%emt 0:00:14]} Nc6 {[%emt 0:00:02]} 7. Nc3 {[%emt 0:00:38]} Bf5 {[%emt 0:00:06]} 8. d5 {[%emt 0:09:01]} Na5 {[%emt 0:00:05]} 9. Nd4 {[%emt 0:00:17]} Bd7 {[%emt 0:01:25]} 10. b3 {[%emt 0:00:05]} c5 {[%emt 0:02:18]} 11. dxc6 {[%emt 0:00:05]} Nxc6 {[%emt 0:00:06]} 12. Nc2 {[%emt 0:06:04]} Qa5 {[%emt 0:05:15]} 13. Nb5 {[%emt 0:07:40]} a6 {[%emt 0:07:13]} 14. Bd2 {[%emt 0:00:12]} Qd8 {[%emt 0:00:04]} 15. Nc3 {[%emt 0:00:12]} Rb8 {[%emt 0:00:09]} 16. a4 {[%emt 0:00:55]} Qc8 {[%emt 0:01:06]} 17. Re1 {[%emt 0:03:11]} Bh3 {[%emt 0:00:36]} 18. Bh1 {[%emt 0:00:41]} h5 {[%emt 0:04:14]} 19. Rc1 {[%emt 0:02:29]} h4 {[%emt 0:00:14]} 20. Ne3 {[%emt 0:02:00]} hxg3 {[%emt 0:04:28]} 21. hxg3 {[%emt 0:01:25]} Ng4 {[%emt 0:03:13]} 22. Ncd5 {[%emt 0:11:21]} Bd4 {[%emt 0:05:18]} 23. Nxg4 {[%emt 0:09:01]} Qxg4 {[%emt 0:03:18]} 24. Be3 {[%emt 0:04:21]} Bxe3 {[%emt 0:02:13]} 25. Nxe3 {[%emt 0:00:05]} Qg5 {[%emt 0:03:14]} 26. Qd5 {[%emt 0:03:03]} Ne5 {[%emt 0:00:47]} 27. c5 {[%emt 0:03:11]} Be6 {[%emt 0:02:47]} 28. Qd4 {[%emt 0:04:01]} Rfd8 {[%emt 0:06:25]} 29. Qf4 {[%emt 0:02:19]} Qxf4 {[%emt 0:01:07]} 30. gxf4 {[%emt 0:00:08]} Nc6 {[%emt 0:00:22]} 31. cxd6 {[%emt 0:02:54]} Rxd6 {[%emt 0:00:36]} 32. Nc4 {[%emt 0:00:11]} Rd4 {[%emt 0:05:00]} 33. e3 {[%emt 0:04:00]} Rd3 {[%emt 0:00:17]} 34. Bxc6 {[%emt 0:01:03]} bxc6 {[%emt 0:00:15]} 35. Ne5 {[%emt 0:00:27]} Rdxb3 {[%emt 0:00:33]} 36. Nxc6 {[%emt 0:00:05]} Re8 {[%emt 0:03:17]} 37. Red1 {[%emt 0:03:30]} Kg7 {[%emt 0:03:20]} 38. Nd4 {[%emt 0:03:57]} Rb4 {[%emt 0:00:23]} 39. a5 {[%emt 0:00:06]} Bg4 {[%emt 0:01:45]} 40. f3 {[%emt 0:00:40]} Bh5 {[%emt 0:02:35]} 41. Rc5 {[%emt 0:33:52]} Rb2 {[%emt 0:32:05]} 42. Rf1 {[%emt 0:00:08]} Ra2 {[%emt 0:01:29]} 43. Rf2 {[%emt 0:00:09]} Ra3 {[%emt 0:01:49]} 44. Re2 {[%emt 0:00:57]} Rb8 {[%emt 0:01:26]} 45. Kf2 {[%emt 0:01:00]} Rb1 {[%emt 0:01:09]} 46. Rd2 {[%emt 0:08:56]} Rba1 {[%emt 0:03:51]} 47. Rc7 {[%emt 0:06:41]} Rxa5 {[%emt 0:03:14]} 48. Rxe7 {[%emt 0:00:57]} g5 {[%emt 0:01:57]} 49. f5 {[%emt 0:00:00]} g4 {[%emt 0:00:00]} 50. f4 {[%emt 0:00:00]} R5a2 {[%emt 0:00:00]} 51. Rxa2 {[%emt 0:00:00]} Rxa2+ {[%emt 0:00:00]} 52. Kg3 {[%emt 0:00:00]} a5 {[%emt 0:00:00]} 53. Re5 {[%emt 0:00:00]} Kf6 {[%emt 0:00:00]} 54. Rb5 {[%emt 0:00:00]} a4 {[%emt 0:00:00]} 55. Rb6+ {[%emt 0:00:00]} Kg7 {[%emt 0:00:00]} 56. f6+ {[%emt 0:00:00]} Kh7 {[%emt 0:00:00]} 57. Rb5 {[%emt 0:00:00]} Bg6 {[%emt 0:00:00]} 58. Ra5 {[%emt 0:00:00]} Be4 {[%emt 0:00:00]} 59. f5 {[%emt 0:00:00]} a3 {[%emt 0:00:29]} 60. Kxg4 {[%emt 0:00:00]} Ra1 {[%emt 0:01:56]} 61. Kf4 {[%emt 0:00:00]} Bd3 {[%emt 0:01:29]} 62. Nf3 {[%emt 0:01:47]} Rf1 {[%emt 0:11:31]} 63. e4 {[%emt 0:02:14]} Be2 {[%emt 0:02:26]} 64. Rxa3 {[%emt 0:00:07]} Kh6 {[%emt 0:00:04]} 65. e5 {[%emt 0:00:47]} Bc4 {[%emt 0:01:18]} 66. Ke4 {[%emt 0:01:27]} Rd1 {[%emt 0:02:35]} 67. Nd4 {[%emt 0:02:00]} Rh1 {[%emt 0:00:24]} 68. Nf3 {[%emt 0:00:56]} Rd1 {[%emt 0:00:07]} 69. Ke3 {[%emt 0:01:20]} Kh5 {[%emt 0:02:40]} 70. Kf4 {[%emt 0:00:25]} Rf1 {[%emt 0:01:35]} 71. Rc3 {[%emt 0:00:40]} Bd5 {[%emt 0:01:19]} 72. Rd3 {[%emt 0:00:08]} Bc6 {[%emt 0:00:18]} 73. e6 {[%emt 0:00:16]} Ra1 {[%emt 0:00:03]} 74. exf7 {[%emt 0:01:19]} 1-0

[Event "Skalica Open 2019"]
[Site "Skalica"]
[Date "2019.08.27"]
[Round "4.4"]
[White "Bochnicka, Vladimir"]
[Black "Potapov, Pavel"]
[Result "0-1"]
[WhiteElo "2193"]
[BlackElo "2496"]
[Annotator "ChessBase"]
[PlyCount "108"]
[EventDate "2019.08.25"]
[EventType "swiss"]
[EventCountry "SVK"]
[SourceTitle "playchess.com"]
[Source "ChessBase"]
[SourceQuality "1"]
[TimeControl "40/5400+30:1800+30"]

1. e4 {[%emt 0:00:00]} c5 {[%emt 0:00:00]} 2. Nf3 {[%emt 0:00:00]} Nc6 {[%emt 0:00:00]} 3. Nc3 {[%emt 0:00:00]} e5 {[%emt 0:00:00]} 4. Bc4 {[%emt 0:00:00]} Be7 {[%emt 0:00:03]} 5. d3 {[%emt 0:00:00]} d6 {[%emt 0:00:15]} 6. O-O {[%emt 0:00:17]} Nf6 {[%emt 0:03:01]} 7. Ng5 {[%emt 0:00:48]} O-O {[%emt 0:00:07]} 8. f4 {[%emt 0:00:05]} exf4 {[%emt 0:10:55]} 9. Bxf4 {[%emt 0:01:36]} Na5 {[%emt 0:01:56]} 10. Qd2 {[%emt 0:13:24]} Nxc4 {[%emt 0:03:36]} 11. dxc4 {[%emt 0:04:36]} Bg4 {[%emt 0:06:18]} 12. b3 {[%emt 0:14:21]} Bh5 {[%emt 0:05:03]} 13. Rae1 {[%emt 0:03:04]} Bg6 {[%emt 0:18:34]} 14. h3 {[%emt 0:20:27]} Re8 {[%emt 0:01:29]} 15. Nf3 {[%emt 0:01:50]} Qd7 {[%emt 0:05:50]} 16. Bg5 {[%emt 0:06:23]} Nh5 {[%emt 0:16:57]} 17. Nh4 {[%emt 0:15:50]} Bxg5 {[%emt 0:02:53]} 18. Qxg5 {[%emt 0:00:06]} Re5 {[%emt 0:00:28]} 19. Qe3 {[%emt 0:03:05]} Rae8 {[%emt 0:01:00]} 20. Nxg6 {[%emt 0:00:14]} hxg6 {[%emt 0:00:51]} 21. Nd5 {[%emt 0:05:04]} R8e6 {[%emt 0:01:49]} 22. b4 {[%emt 0:04:45]} b6 {[%emt 0:01:37]} 23. bxc5 {[%emt 0:00:25]} bxc5 {[%emt 0:00:57]} 24. g4 {[%emt 0:02:53]} Nf6 {[%emt 0:00:33]} 25. Nxf6+ {[%emt 0:00:39]} gxf6 {[%emt 0:00:21]} 26. Rf4 {[%emt 0:00:36]} Qe7 {[%emt 0:02:07]} 27. Qf3 {[%emt 0:00:48]} g5 {[%emt 0:02:56]} 28. Rf5 {[%emt 0:00:11]} Rxe4 {[%emt 0:00:20]} 29. Rxe4 {[%emt 0:01:36]} Rxe4 {[%emt 0:00:02]} 30. Rxf6 {[%emt 0:01:19]} Rxc4 {[%emt 0:01:13]} 31. Qf2 {[%emt 0:00:28]} Rxc2 {[%emt 0:03:36]} 32. Rg6+ {[%emt 0:00:06]} fxg6 {[%emt 0:01:40]} 33. Qxc2 {[%emt 0:00:01]} Qe3+ {[%emt 0:03:15]} 34. Kg2 {[%emt 0:00:13]} Kf7 {[%emt 0:00:06]} 35. Qc4+ {[%emt 0:00:38]} Qe6 {[%emt 0:00:27]} 36. Qa6 {[%emt 0:01:09]} Qe4+ {[%emt 0:01:09]} 37. Kg3 {[%emt 0:00:22]} Qe7 {[%emt 0:00:47]} 38. Qc4+ {[%emt 0:00:44]} Kg7 {[%emt 0:00:28]} 39. Kg2 {[%emt 0:00:15]} Qf7 {[%emt 0:01:02]} 40. Qc3+ {[%emt 0:00:36]} Kh7 {[%emt 0:00:10]} 41. Qa5 {[%emt 0:31:00]} Qe7 {[%emt 0:30:37]} 42. Qb5 {[%emt 0:00:00]} Qc7 {[%emt 0:00:00]} 43. Qe8 {[%emt 0:00:00]} c4 {[%emt 0:00:00]} 44. h4 {[%emt 0:00:00]} gxh4 {[%emt 0:00:00]} 45. Qe4 {[%emt 0:00:00]} c3 {[%emt 0:00:00]} 46. g5 {[%emt 0:00:00]} c2 {[%emt 0:00:00]} 47. Qxh4+ {[%emt 0:00:00]} Kg8 {[%emt 0:00:00]} 48. Qe4 {[%emt 0:00:00]} c1=Q {[%emt 0:00:00]} 49. Qxg6+ {[%emt 0:00:00]} Kf8 {[%emt 0:00:00]} 50. Qh6+ {[%emt 0:00:00]} Ke8 {[%emt 0:00:00]} 51. Qh8+ {[%emt 0:00:00]} Kd7 {[%emt 0:00:00]} 52. Qh7+ {[%emt 0:00:00]} Kc8 {[%emt 0:00:00]} 53. Qf5+ {[%emt 0:00:00]} Qd7 {[%emt 0:00:00]} 54. Qf8+ {[%emt 0:00:00]} Kc7 {[%emt 0:00:00]} 0-1

[Event "Skalica Open 2019"]
[Site "Skalica"]
[Date "2019.08.27"]
[Round "4.5"]
[White "Czebe, Attila"]
[Black "Komliakov, Viktor"]
[Result "1/2-1/2"]
[WhiteElo "2413"]
[BlackElo "2366"]
[Annotator "NA"]
[PlyCount "64"]
[EventDate "2019.08.25"]
[EventType "swiss"]
[EventCountry "SVK"]
[SourceTitle "playchess.com"]
[Source "ChessBase"]
[SourceQuality "1"]
[TimeControl "40/5400+30:1800+30"]

1. d4 {[%emt 0:00:00]} d5 {[%emt 0:00:38]} 2. Bf4 {[%emt 0:00:00]} Nf6 {[%emt 0:01:46]} 3. e3 {[%emt 0:00:05]} e6 {[%emt 0:01:53]} 4. Bd3 {[%emt 0:03:14]} c5 {[%emt 0:00:49]} 5. Nf3 {[%emt 0:02:13]} Nc6 {[%emt 0:01:00]} 6. O-O {[%emt 0:00:20]} Bd6 {[%emt 0:05:15]} 7. Bxd6 {[%emt 0:10:00]} Qxd6 {[%emt 0:01:38]} 8. Nbd2 {[%emt 0:00:05]} O-O {[%emt 0:36:13]} 9. dxc5 {[%emt 0:02:05]} Qxc5 {[%emt 0:00:10]} 10. e4 {[%emt 0:00:14]} dxe4 {[%emt 0:02:26]} 11. Nxe4 {[%emt 0:00:59]} Nxe4 {[%emt 0:00:46]} 12. Bxe4 {[%emt 0:00:04]} Rd8 {[%emt 0:01:07]} 13. Qe2 {[%emt 0:00:08]} Bd7 {[%emt 0:00:36]} 14. Rfd1 {[%emt 0:00:41]} Be8 {[%emt 0:00:46]} 15. c3 {[%emt 0:01:59]} h6 {[%emt 0:02:04]} 16. Rd3 {[%emt 0:04:40]} Rxd3 {[%emt 0:01:20]} 17. Bxd3 {[%emt 0:00:12]} Rd8 {[%emt 0:01:36]} 18. Rd1 {[%emt 0:00:10]} g6 {[%emt 0:02:24]} 19. h3 {[%emt 0:02:34]} Kg7 {[%emt 0:00:25]} 20. Be4 {[%emt 0:04:33]} Rxd1+ {[%emt 0:06:11]} 21. Qxd1 {[%emt 0:00:03]} f5 {[%emt 0:02:20]} 22. Bc2 {[%emt 0:00:02]} e5 {[%emt 0:00:52]} 23. Bb3 {[%emt 0:00:14]} e4 {[%emt 0:01:04]} 24. Nd4 {[%emt 0:00:09]} Nxd4 {[%emt 0:00:24]} 25. cxd4 {[%emt 0:00:02]} Qd6 {[%emt 0:00:28]} 26. d5 {[%emt 0:00:09]} Qe5 {[%emt 0:04:20]} 27. Qd2 {[%emt 0:00:00]} b6 {[%emt 0:00:44]} 28. d6 {[%emt 0:02:13]} Bd7 {[%emt 0:00:09]} 29. Qb4 {[%emt 0:00:45]} Qc5 {[%emt 0:03:02]} 30. Qd2 {[%emt 0:00:57]} g5 {[%emt 0:00:33]} 31. Qe2 {[%emt 0:00:56]} Kf6 {[%emt 0:04:07]} 32. Qh5 {[%emt 0:06:00]} Qc1+ 1/2-1/2